Hazatért a Napút festője

Bibliographic Details
Main Author: B.Z (Author)
Format: Article
Language:Hungarian
Subjects:

MARC

LEADER 00000nab a2200000 a 4500
001 vtls000498098
003 SK-MaSNL
005 20260318121841.0
008 160202c1993 xo 0 hun
015 |a SNBRB19rr/mm-uuuuu 
035 |a CL0498236 
040 |a SNKBUCL  |b slo  |c SNKBUCL  |e AACR2 
041 0 |a hun 
044 |a xo  |c SK 
080 |a 75.071.1:061.75  |2 1981 
080 |a 062.75  |2 1981 
080 |a 929 Csontváry Kosztka, Tivadar  |2 1981 
100 1 |a B.Z.  |4 aut  |9 607335 
245 1 0 |a Hazatért a Napút festője  |c B.Z. 
600 1 7 |a Csontváry-Kostka, Teodor,  |d 1853-1919  |2 snkbucl  |9 263464 
648 7 |a 6. september 1993  |2 SNK  |9 1556954 
648 7 |a 1993  |2 SNK  |9 284597 
651 7 |a Sabinov (Slovensko)  |2 SNKPHgeo  |9 29434 
655 7 |a články z novín a časopisov  |2 snkbucl  |9 267496 
773 0 |t Szabad újság  |g Roč. 1, č. 16 (1993), s. 10 
850 |a Slovenská národná knižnica v Martine  |a DSG001 
852 |a SNK  |b KIS3GCP 
958 |a RK 
958 |a BC 
958 |a HU 
992 |a RBX 
999 |c 3166752  |d 3168682